UBT Library

THE GALE ENCYCLOPEDIA OF MENTAL HEALTH (Record no. 59193)

000 -LEADER
fixed length control field 00352nam a22001457a 4500
008 - FIXED-LENGTH DATA ELEMENTS--GENERAL INFORMATION
fixed length control field 221216b ||||| |||| 00| 0 eng d
020 ## - INTERNATIONAL STANDARD BOOK NUMBER
International Standard Book Number 9781414429892
041 ## - LANGUAGE CODE
Language code of text/sound track or separate title eng
080 ## - UNIVERSAL DECIMAL CLASSIFICATION NUMBER
Edition identifier 2 VOLUME
Universal Decimal Classification number 618.8
082 ## - DEWEY DECIMAL CLASSIFICATION NUMBER
Classification number 618.8FUN
100 ## - Rafti
Rafti 11.2
101 ## - Shkurtesa
Shkurtesa NEURO
245 ## - TITLE STATEMENT
Title THE GALE ENCYCLOPEDIA OF MENTAL HEALTH
Statement of responsibility, etc FUNDUKIAN.J.L
942 ## - ADDED ENTRY ELEMENTS (KOHA)
Source of classification or shelving scheme
Item type Books
Holdings
Withdrawn status Lost status Source of classification or shelving scheme Damaged status Not for loan Collection code Permanent location Current location Date acquired Total Checkouts Full call number Barcode Date last seen Price effective from Koha item type
          Koleksioni i përgjithshem UBT - Lipjan UBT - Lipjan 12/16/2022   618.8FUN 002-8000287002601130 12/16/2022 12/16/2022 Books
          Koleksioni i përgjithshem UBT - Lipjan UBT - Lipjan 12/16/2022   618.8FUN 002-8000287002601131 12/16/2022 12/16/2022 Books
UBT Library © 2015-2024. All rights reserved University Education for Business and Technology